| 000 | 00579nam a2200181 i 4500 | ||
|---|---|---|---|
| 001 | 150085 | ||
| 003 | ES-MaACL | ||
| 005 | 20250624062529.0 | ||
| 007 | t| | ||
| 008 | 071026s1916 sp ||||1| spa d | ||
| 100 | 1 |
_aValle-Inclán, Ramón del, _d1866-1936 _9112796 |
|
| 245 | 1 | 3 |
_aLa lámpara maravillosa : _bejercicios espirituales / _cde Ramón del Valle-Inclán |
| 260 |
_a[Madrid : _bSociedad General Española de Librería, _c1916] _f(Imp. Helénica) |
||
| 300 |
_a258 p. ; _c18 cm. |
||
| 852 |
_aES-MaACL _jB-3712 |
||
| 942 | _2udc | ||
| 999 |
_c150085 _d150085 |
||